000 00482nam a2200181Ia 4500
005 20240823060449.0
008 240823s9999||||xx |||||||||||||| ||und||
041 _aENGLISH
082 _A005.1 Q6
100 _a"Pressman,Roger S"
245 0 _aSoftware Engineering A Practitioners Approach
250 _a7th
260 _c2016
_bMcGraw Hill Education Private Li
500 _aTRANSFERED
650 _aSoftware Engineering
_bComputer Science
942 _cBK
999 _c231190
_d231190